Guinea : Selected Issues.

This Selected Issues paper presents the results of the application of the Debt, Investment, and Growth model to the case of Guinea. The model application allows simulation of the macroeconomic implications of scaled-up investment on growth, fiscal policy, and debt sustainability. A scenario analysis...

Cur síos iomlán

Sonraí bibleagrafaíochta
Údar corparáideach: International Monetary Fund. African Dept
Formáid: IRIS
Teanga:English
Foilsithe / Cruthaithe: Washington, D.C. : International Monetary Fund, 2016.
Sraith:IMF Staff Country Reports; Country Report ; No. 2016/262
Rochtain ar líne:Full text available on IMF
LEADER 01841cas a2200241 a 4500
001 AALejournalIMF017012
008 230101c9999 xx r poo 0 0eng d
020 |c 5.00 USD 
020 |z 9781475520958 
022 |a 1934-7685 
040 |a BD-DhAAL  |c BD-DhAAL 
110 2 |a International Monetary Fund.  |b African Dept. 
245 1 0 |a Guinea :   |b Selected Issues. 
264 1 |a Washington, D.C. :  |b International Monetary Fund,  |c 2016. 
300 |a 1 online resource (46 pages) 
490 1 |a IMF Staff Country Reports 
500 |a <strong>Off-Campus Access:</strong> No User ID or Password Required 
500 |a <strong>On-Campus Access:</strong> No User ID or Password Required 
506 |a Electronic access restricted to authorized BRAC University faculty, staff and students 
520 3 |a This Selected Issues paper presents the results of the application of the Debt, Investment, and Growth model to the case of Guinea. The model application allows simulation of the macroeconomic implications of scaled-up investment on growth, fiscal policy, and debt sustainability. A scenario analysis comparing the results under different investment paths is also presented. The results suggest that Guinea stands to benefit substantially from scaled-up public investment. Model-based estimates suggest that the GDP per capita benefits from the authorities' public infrastructure program could be in the vicinity of 2-4 percent. However, ensuring that the expected growth and poverty reduction gains are realized requires the implementation of an accompanying fiscal strategy to preserve macroeconomic stability. 
538 |a Mode of access: Internet 
830 0 |a IMF Staff Country Reports; Country Report ;  |v No. 2016/262 
856 4 0 |z Full text available on IMF  |u http://elibrary.imf.org/view/journals/002/2016/262/002.2016.issue-262-en.xml  |z IMF e-Library